Mystery Taylor Swift Song #138 - Statistics

General Stats
  • This quiz has been taken 224 times
  • The average score is 61 of 123
Answer Stats
Song % Correct
I
91%
you
89%
a
88%
Fearless
87%
the
87%
be
85%
love
83%
me
83%
to
82%
your
82%
in
80%
and
79%
We
78%
When
78%
you're
77%
it
76%
my
76%
on
75%
So
75%
that
75%
then
74%
is
73%
for
72%
ever
71%
I'm
71%
too
71%
with
70%
way
69%
We're
69%
all
67%
like
67%
Say
67%
but
66%
hear
66%
I'll
66%
'Cause
64%
Don't
64%
oh
64%
wanna
64%
can
63%
time
59%
I've
58%
think
56%
Every
55%
fall
55%
from
54%
have
54%
never
54%
can't
53%
into
53%
jump
53%
baby
51%
been
51%
Jump Then Fall
50%
yeah
50%
smile
49%
gonna
48%
had
48%
out
48%
afraid
47%
come
47%
could
47%
didn't
47%
up
47%
got
46%
here
45%
our
45%
should
45%
leave
41%
wanted
41%
face
40%
night
40%
together
40%
best
39%
over
39%
sound
39%
things
39%
everything
38%
need
38%
morning
37%
phone
37%
Take
37%
through
37%
Well
37%
heard
36%
shine
36%
Whoa
36%
breath
35%
cry
35%
laugh
35%
stay
34%
without
34%
talk
33%
hair
32%
feeling
31%
hold
30%
mad
30%
catch
29%
people
29%
each
28%
falls
28%
freckle
28%
keep
28%
please
28%
warning
28%
closer
27%
deep
27%
under
26%
focus
25%
honey
25%
knees
25%
notice
25%
until
25%
bring
24%
feet
23%
realize
23%
show
23%
words
23%
watch
22%
keys
21%
wrapped
20%
drop
17%
bottom's
14%
No matching quizzes found
Score Distribution
Percent of People with Each Score
Percentile by Number Answered
Your Score History
You have not taken this quiz